The principles and practice of surveying / (Record no. 5413)

MARC details
000 -LEADER
fixed length control field 00813cam a2200229K 4500
001 - CONTROL NUMBER
control field BD-DhSAU 5413
003 - CONTROL NUMBER IDENTIFIER
control field BD-DhSAU
005 - DATE AND TIME OF LATEST TRANSACTION
control field 20150415145834.0
008 - FIXED-LENGTH DATA ELEMENTS--GENERAL INFORMATION
fixed length control field 100324s1927 nyuadef r 001 0 eng d
040 ## - CATALOGING SOURCE
Original cataloging agency BD-DhSAU
082 04 - DEWEY DECIMAL CLASSIFICATION NUMBER
Classification number 526.9
Edition number 22
Item number BRP
100 1# - MAIN ENTRY--PERSONAL NAME
Personal name Breed, Charles Blaney,
Dates associated with a name 1875-1958.
245 14 - TITLE STATEMENT
Title The principles and practice of surveying /
Statement of responsibility, etc. by Charles B. Breed and George L. Hosmer.
260 ## - PUBLICATION, DISTRIBUTION, ETC. (IMPRINT)
Place of publication, distribution, etc. New York :
Name of publisher, distributor, etc. Wiley,
Date of publication, distribution, etc. c1927.
300 ## - PHYSICAL DESCRIPTION
Extent xix, 592 p. :
Other physical details ill. ;
Dimensions 19 cm.
440 ## - SERIES STATEMENT/ADDED ENTRY--TITLE
Title Elementary surveying.
Number of part/section of a work Volume 1.
504 ## - BIBLIOGRAPHY, ETC. NOTE
Bibliography, etc Includes index.
590 ## - Name of Cataloguer
Name of Cataloger joy
650 #0 - SUBJECT ADDED ENTRY--TOPICAL TERM
Topical term or geographic name as entry element Surveying.
700 ## - ADDED ENTRY--PERSONAL NAME
Personal name Hosmer, George L.
776 08 - ADDITIONAL PHYSICAL FORM ENTRY
Relationship information Print version:
Main entry heading Breed, Charles Blaney, 1875-1958.
Title Principles and practice of surveying.
Edition 1st ed.
Place, publisher, and date of publication New York, Wiley, 1906
Record control number (DLC) 06039471
-- (OCoLC)8239480
942 ## - ADDED ENTRY ELEMENTS (KOHA)
Source of classification or shelving scheme Dewey Decimal Classification
Koha item type Book
Holdings
Withdrawn status Lost status Source of classification or shelving scheme Damaged status Not for loan Collection code Home library Branch Name Shelving location Date acquired Total Checkouts Full call number Barcode Date last seen Price effective from Koha item type
    Dewey Decimal Classification   Not For Loan Reference SAU Library SAU Library Reference 16/04/1979   526.9 BRP 2925 15/04/2015 15/04/2015 Book